[Event "La Pampa op"]
[Site "La Pampa"]
[Date "2022.03.04"]
[Round "2"]
[White "Peral, Alexis"]
[Black "Rodriguez, Roberto"]
[Result "1-0"]
[WhiteElo "1939"]
[BlackElo "1841"]
[PlyCount "51"]
[EventDate "2022.03.04"]
[EventType "swiss"]
[EventRounds "7"]
[EventCountry "ARG"]
[SourceTitle "CBM 207 Extra"]
[Source "ChessBase"]
[SourceDate "2022.05.31"]
[SourceVersion "1"]
[SourceVersionDate "2022.05.31"]
[SourceQuality "1"]

1. e4 e6 2. d4 d5 3. Bd3 c5 4. exd5 exd5 5. Nf3 c4 6. Be2 Nc6 7. b3 cxb3 8. axb3 Nf6 9. 0-0 Be7 10. c3 0-0 11. Na3 a6 12. Nc2 Ne4 13. Bb2 Be6 14. Ne3 Rc8 15. Bd3 f5 16. c4 Nb4 17. Bb1 f4 18. Nxd5 Bxd5 19. cxd5 Qxd5 20. Re1 Nc3 21. Bxc3 Rxc3 22. Rxe7 Rxf3 23. Qxf3 Qxd4 24. Qe4 Qd1+ 25. Qe1 Qd4 26. Ra4 1-0

[Event "General Pico op 08"]
[Site "General Pico"]
[Date "2021.08.22"]
[Round "5"]
[White "Peiretti, Sebastian"]
[Black "Peral, Alexis"]
[Result "0-1"]
[WhiteElo "1872"]
[BlackElo "1907"]
[PlyCount "96"]
[EventDate "2021.08.20"]
[EventType "swiss"]
[EventRounds "6"]
[EventCountry "ARG"]
[SourceTitle "EXT 2023"]
[Source "ChessBase"]
[SourceDate "2022.10.05"]
[SourceVersion "1"]
[SourceVersionDate "2022.10.05"]
[SourceQuality "1"]

1. Nf3 Nf6 2. c4 g6 3. Nc3 Bg7 4. d4 c5 5. d5 d6 6. e4 0-0 7. Bd3 Bg4 8. h3 Bxf3 9. Qxf3 Nfd7 10. Qd1 e6 11. 0-0 exd5 12. exd5 Na6 13. Bd2 Nc7 14. f4 f5 15. Qc2 a6 16. a4 b6 17. Rae1 Rb8 18. Qb3 Qf6 19. Be3 Rfe8 20. Kh2 Qf7 21. g4 Bd4 22. Bd2 fxg4 23. hxg4 Nf6 24. Kg3 Qd7 25. Qd1 Kg7 26. Qf3 Rxe1 27. Rxe1 Rf8 28. b3 h5 29. g5 Ng4 30. Qe4 Qf7 31. Nd1 Ne8 32. Rf1 Qf5 33. Qe2 Qd7 34. Re1 Qf7 35. Qe4 Qf5 36. Qe7+ Qf7 37. Qd8 Ne5 38. Bf1 Kh7 39. Kg2 Ng7 40. Qxb6 Qf5 41. fxe5 Qg4+ 42. Kh2 Qh4+ 43. Bh3 Rf2+ 44. Nxf2 Qxf2+ 45. Bg2 Qxd2 46. Rf1 Qxg5 47. Qc7 Qh4+ 48. Bh3 Bxe5+ 0-1